000 00889cam a22002535i 4500
999 _c12763
_d12763
003 EG-ScBUE
005 20200122122042.0
008 200122s1999 ua g 000 p ara d
017 _a99 / 13620
040 _aEG-ScBUE
_bara
_erda
_cEG-ScBUE
_dEG-ScBUE
082 0 4 _a892.716
_bب ي ا
_222
100 1 _aبياتي، عبد الوهاب،
_eمؤلف.
245 1 0 _aقمر شيراز :
_bشعر /
_cعبد الوهاب البياتي.
264 1 _aالقاهرة :
_bالهيئة العامة لقصور الثقافة،
_c1999.
300 _a133 صفحة ؛
_c22 سم.
336 _aنص
_btxt
_2rdacontent
337 _aبدون وسيط
_bn
_2rdamedia
338 _aمجلد
_bnc
_2rdacarrier
490 0 _aآفاق الكتابة ؛
_v29
650 7 _aالشعر العربي
_vدواوين وقصائد.
_2BUEsh
_97996
651 _2BUEsh
653 _bARALIT
_bGGEN
942 _2ddc
_cBB